000
00380nam a2200145Ia 4500
008
100122s9999 xx 000 0 und d
082
_b
19261
_a
823.08
100
_a
बोराडे रा रं
245
_a
वरात
260
_b
प्रपंच प्रकाशन
_c
1973
300
_a
116
630
_a
वरात
730
_a
वरात
942
_c
BOOK
999
_c
408379
_d
408376